El beso del vampiro /
Nada más aburrido que estar de vacaciones...¡y con una lluvia interminable! Siempre la playa y su perenne lluvia...Sólo la presencia de un vampiro puede desbaratar tanta monotonía. Quienquiera buscar a éste, podrá detectar, atrapar y eliminar, de aquí en más, a cualquier vampiro...
Guardado en:
| Autor Principal: | |
|---|---|
| Otros Autores: | |
| Formato: | Libro |
| Idioma: | Undetermined |
| Publicado: |
Buenos Aires :
Sigmar,
1998.
|
| Edición: | 2a ed. |
| Series: | Sueños de papel
|
| Materias: | |
| Etiquetas: |
Agregar Etiqueta
Sin Etiquetas, Sea el primero en etiquetar este registro!
|
| LEADER | 00939nam a22002175a 4500 | ||
|---|---|---|---|
| 001 | CEM.cems024307 | ||
| 008 | 240902s1998####ag############000#0#und#d | ||
| 005 | 20240902175649.0 | ||
| 245 | 1 | 0 | |a El beso del vampiro / |c José Sbarra ; ilustraciones de Marcelo Elizalde. |
| 250 | |a 2a ed. | ||
| 260 | |a Buenos Aires : |b Sigmar, |c 1998. | ||
| 300 | |a 72 p. | ||
| 490 | 1 | |a Sueños de papel | |
| 520 | |a Nada más aburrido que estar de vacaciones...¡y con una lluvia interminable! Siempre la playa y su perenne lluvia...Sólo la presencia de un vampiro puede desbaratar tanta monotonía. Quienquiera buscar a éste, podrá detectar, atrapar y eliminar, de aquí en más, a cualquier vampiro... | ||
| 020 | |a 9501110451 | ||
| 100 | 1 | |a Sbarra, José. | |
| 700 | 1 | |a Elizalde, Marcelo; il. | |
| 653 | |a Literatura juvenil | ||
| 653 | |a Literatura argentina | ||
| 653 | |a Novela juvenil | ||
| 859 | |a CEMS |b BIB. CEMS - Inicial y Primaria |h A863.4 |i S279 |k IP |p 2409 |t Ej.1 | ||
